Flächenmässig grösste Gemeinden der Schweiz - Statistiken

Allgemein
  • Dieses Quiz wurde 143 mal gespielt
  • Das Durchschnittsergebnis liegt bei 7 aus 25
Antwortstatistiken
Fläche km² Kanton Gemeinde % Korrekt
430.06 Glarus Glarus Süd
80%
438.76 Graubünden Scuol
65%
283.99 Graubünden Davos
64%
242.93 Wallis Zermatt
49%
344.02 Graubünden Zernez
42%
171.34 Bern Grindelwald
35%
190.97 Graubünden Poschiavo
33%
219.89 Graubünden Klosters
31%
236.54 Bern Innertkirchen
28%
198.60 Graubünden Val Müstair
28%
200.84 Bern Guttannen
27%
172.16 Schwyz Muotathal
27%
175.50 Graubünden Vals
27%
190.14 Graubünden Bergün Filisur
24%
216.84 Tessin Verzasca
22%
323.75 Graubünden Surses
20%
301.91 Wallis Val de Bagnes
20%
243.37 Wallis Anniviers
17%
165.44 Graubünden Lumnezia
17%
251.35 Graubünden Bregaglia
16%
172.79 Wallis Fieschertal
14%
164.91 Wallis Orsières
13%
202.17 Tessin Blenio
11%
209.83 Wallis Evolène
11%
187.53 Tessin Lavizzara
5%
Keine übereinstimmenden Quizze gefunden
Verteilung der Resultate
Anzahl Personen mit jedem Resultat
Perzentil nach korrekt beantworteten Fragen
Ihre Resultats-Entwicklung
Sie haben dieses Quiz noch nicht gespielt